National Security Ministry: 2020 Handing Over Report (Record no. 653)

MARC details
000 -LEADER
fixed length control field 00475nam a2200157Ia 4500
008 - FIXED-LENGTH DATA ELEMENTS--GENERAL INFORMATION
fixed length control field 240428s9999||||xx |||||||||||||| ||und||
041 ## - LANGUAGE CODE
Language code of text/sound track or separate title eng
082 ## - DEWEY DECIMAL CLASSIFICATION NUMBER
Classification number PL/MONSEC/20
100 ## - MAIN ENTRY--PERSONAL NAME
Personal name National Security Ministry
245 #0 - TITLE STATEMENT
Title National Security Ministry: 2020 Handing Over Report
260 ## - PUBLICATION, DISTRIBUTION, ETC.
Name of publisher, distributor, etc. Ministry of National Security
Place of publication, distribution, etc. [Accra] :
Date of publication, distribution, etc. 2020
300 ## - PHYSICAL DESCRIPTION
Extent viii, 25p.: graphs, tabs
650 ## - SUBJECT ADDED ENTRY--TOPICAL TERM
Topical term or geographic name entry element National Security Ministry: 2020 Handing Over Repo
942 ## - ADDED ENTRY ELEMENTS (KOHA)
Koha item type Annual Report
Holdings
Withdrawn status Lost status Damaged status Not for loan Home library Current library Shelving location Date acquired Total checkouts Full call number Date last seen Copy number Price effective from Koha item type
        Main Library Main Library Reference 02/02/2022   PL/MONSEC/20/29 29/04/2024 1 29/04/2024 Annual Report
©2026  Parliament of Ghana Library - All rights reserved